000 00918nam a22002537a 4500
001 9998
003 FISKH
005 20260403110527.0
008 260325b cb ||||| |||| 00| 0 eng d
040 _aFISKH
_beng
_cFISKH
_dFISKH
050 _aPZ7
082 _aFic
100 _aBunting , Eve
245 _aRosie and Mr. William Star /
_cby Eve Bunting : pictures by Jerry Pinkey
260 _aBoston :
_bHoughton Mifflin Company ,
_c1981 .
300 _a16 pages :
_bcolor illustrations ;
_c23 cm .
505 _aG
520 _aThis story is about a young girl named Rosie who forms a friendship with an elderly man named Mr. William Star. He is a lonely person and does not have many friends. Rosie approaches him with sincerity and kindness.
521 8 _a400
_bLexile estimate
521 8 _aG
_bRaz-Plus
700 _aPinkney , Jerry
_eIllustrator
942 _2ddc
_cBK
_n0
999 _c9998
_d9998